|
|
|
|
| LEADER |
01210ppm a22002538a 4500 |
| 001 |
00042169 |
| 005 |
20180824070800.0 |
| 008 |
151112s2015 ||||||viesd |
| 041 |
0 |
# |
|a vie
|
| 082 |
1 |
4 |
|b PH112TR
|a 372.12
|
| 100 |
1 |
# |
|a Nguyễn, Tùng Lâm
|
| 245 |
0 |
0 |
|a Phát triển đội ngũ cán bộ quản lý các trường Tiểu học ở huyện đảo Phú Quốc, tỉnh Kiên Giang
|b Luận văn thạc sĩ khoa học giáo dục. Chuyên ngành: Quản lý giáo dục. Mã số: 8.14.01.14
|c Nguyễn Tùng Lâm; Nguyễn Văn Đệ (hướng dẫn)
|
| 260 |
# |
# |
|a Đồng Tháp
|b Đại học Đồng Tháp
|c 2018
|
| 300 |
# |
# |
|a 113 tr. +phụ lục
|c 30cm.
|e 1 bản tóm tắt
|
| 500 |
# |
# |
|a ĐTTS ghi: Bộ giáo dục và đào tạo. Trường Đại học Đồng Tháp
|
| 653 |
# |
# |
|a Cán bộ quản lí
|
| 653 |
# |
# |
|a Tiểu học
|
| 653 |
# |
# |
|a Luận văn
|
| 653 |
# |
# |
|a Giáo dục
|
| 653 |
# |
# |
|a Kiên Giang
|
| 700 |
1 |
# |
|a Nguyễn, Văn Đệ
|e Hướng dẫn
|
| 852 |
# |
# |
|j LV.0002412
|
| 910 |
|
|
|d 21/08/2018
|
| 980 |
# |
# |
|a Trung tâm Học liệu Lê Vũ Hùng, Trường Đại học Đồng Tháp
|